[Event "Women's Speed Chess Q3"]
[Site "chess.com INT"]
[Date "2021.05.30"]
[Round "3"]
[White "Bodnaruk, Anastasia"]
[Black "Socko, Monika"]
[Result "1-0"]
[WhiteTitle "IM"]
[BlackTitle "GM"]
[WhiteElo "2457"]
[BlackElo "2421"]
[WhiteFideId "4181751"]
[BlackFideId "1106619"]
[EventDate "2021.05.30"]

1. e4 e6 2. d4 d5 3. e5 c5 4. c3 Nc6 5. Nf3 Qb6 6. Be2 cxd4 7. cxd4 Bd7 8. O-O
Nge7 9. b3 Nf5 10. Bb2 Be7 11. g4 Nh4 12. Nxh4 Bxh4 13. f4 Be7 14. Kg2 O-O-O 15.
a3 h5 16. g5 h4 17. Nd2 f6 18. Nf3 fxg5 19. Nxg5 Rdf8 20. b4 Kb8 21. Bg4 Bxg5
22. fxg5 Qd8 23. Qd2 Ne7 24. a4 Ng6 25. b5 h3+ 26. Kg3 Rh4 27. Ba3 Rxf1 28. Rxf1
Rh8 29. Rf7 Rg8 30. Bd6+ Ka8 31. Qc1 Bc8 32. Qc7 Qxc7 33. Bxc7 Nf8 34. Bd6 Nd7
35. Bxe6 Nxe5 36. Bxe5 Bxe6 37. Rxg7 Rc8 38. Re7 Bf5 39. Kf4 Be4 40. Bf6 a6 41.
b6 Rf8 42. Ke5 Kb8 43. Rg7 Kc8 44. g6 Re8+ 45. Be7 Bxg6 46. Kxd5 Bf5 47. Kd6 Bd7
48. a5 Rh8 49. Rg6 Re8 50. d5 Rh8 51. Rf6 Rg8 52. Rf4 Rg6+ 53. Bf6 Rg8 54. Ke7
Re8+ 55. Kf7 Re3 56. Rc4+ Kb8 57. Bg5 Be8+ 58. Kf8 Rf3+ 59. Bf4+ Rxf4+ 60. Rxf4
Bd7 61. Ke7 Kc8 62. Rf8+ Be8 63. Rxe8# 1-0

[Event "Women's Speed Chess Q3"]
[Site "chess.com INT"]
[Date "2021.05.30"]
[Round "3"]
[White "Chu, Ruotong"]
[Black "Samaganova, Alexandra"]
[Result "0-1"]
[WhiteTitle "WIM"]
[BlackTitle "WFM"]
[WhiteElo "2207"]
[BlackElo "1993"]
[WhiteFideId "8605653"]
[BlackFideId "13800221"]
[EventDate "2021.05.30"]

1. d4 Nf6 2. Nf3 e6 3. g3 b6 4. Bg2 Bb7 5. O-O c5 6. c4 cxd4 7. Qxd4 Nc6 8. Qd2
Rc8 9. Nc3 Be7 10. b3 O-O 11. Bb2 Na5 12. Nb5 Ne4 13. Qf4 a6 14. Nc3 f5 15. Nxe4
Bxe4 16. Nd2 Bxg2 17. Kxg2 Bg5 18. Qd6 Rc6 19. Qd3 Nb7 20. Nf3 Nc5 21. Qc2 Bf6
22. Ne5 Rc7 23. Rad1 d6 24. Nd3 Ne4 25. Bxf6 Qxf6 26. Nf4 g5 27. Nd3 Rd8 28. f3
Nc5 29. Nxc5 Rxc5 30. Rd3 e5 31. Qd2 Rc6 32. Rd5 h6 33. e4 f4 34. g4 Rd7 35. a4
Kf7 36. a5 bxa5 37. Rxa5 Rb6 38. Qd5+ Qe6 39. Rb1 Qxd5 40. exd5 Rdb7 41. Kf2 Kf6
42. Ra3 e4 43. fxe4 Ke5 44. Kf3 Rb4 45. Rb2 a5 46. Rxa5 Rxb3+ 47. Rxb3 Rxb3+ 48.
Kf2 Kxe4 49. Ra6 Rb2+ 50. Ke1 Ke3 51. Kd1 f3 52. Rxd6 f2 53. Re6+ Kf3 54. Rf6+
Kg2 0-1

[Event "Women's Speed Chess Q3"]
[Site "chess.com INT"]
[Date "2021.05.30"]
[Round "3"]
[White "Tarasova, Viktoriya"]
[Black "Arpita, Mukherjee"]
[Result "0-1"]
[WhiteTitle "WIM"]
[BlackTitle "WIM"]
[WhiteElo "2226"]
[BlackElo "2206"]
[WhiteFideId "4175840"]
[BlackFideId "5056403"]
[EventDate "2021.05.30"]

1. d4 Nf6 2. c4 g6 3. Nc3 Bg7 4. e4 d6 5. h3 O-O 6. Be3 e5 7. d5 a5 8. g4 Na6 9.
Be2 Nc5 10. Qc2 a4 11. O-O-O a3 12. b3 Ne8 13. h4 f5 14. exf5 gxf5 15. g5 f4 16.
Bxc5 dxc5 17. Bd3 Nd6 18. Ne4 Nf5 19. Nf3 b6 20. Rhg1 Nd4 21. Nxd4 cxd4 22. h5
Kf7 23. h6 Bh8 24. g6+ hxg6 25. Ng5+ Ke7 26. Bxg6 Qd6 27. Rde1 Qb4 28. Nf7 Qc3
29. Qxc3 dxc3 30. Nxe5 Bxe5 31. Rxe5+ Kd6 32. Re2 Bf5 33. Bxf5 Rxf5 34. Re6+ Kc5
35. Rc6+ Kd4 36. h7 Rff8 37. Rh1 Ke4 38. Re6+ Kf3 39. Re7 Kxf2 40. Kc2 Rh8 41.
Kxc3 f3 42. Rxc7 Raf8 43. d6 Kg2 44. Rd1 f2 45. Rg7+ Kh2 46. d7 f1=Q 47. Rxf1
Rxf1 48. Rg8 Rf8 49. Rxh8 Rxh8 50. b4 Kg3 51. c5 bxc5 52. b5 Kf4 53. b6 Ke5 54.
b7 Kd6 55. Kc4 Kxd7 56. Kxc5 Kc7 57. Kb4 Kxb7 58. Kxa3 Rxh7 59. Kb4 Rh5 60. a4
Kb6 61. a5+ Rxa5 0-1

[Event "Women's Speed Chess Q3"]
[Site "chess.com INT"]
[Date "2021.05.30"]
[Round "3"]
[White "Kiran, Manisha Mohanty"]
[Black "Batsiashvili, Nino"]
[Result "0-1"]
[WhiteTitle "WGM"]
[BlackTitle "GM"]
[WhiteElo "2168"]
[BlackElo "2491"]
[WhiteFideId "5019575"]
[BlackFideId "13602993"]
[EventDate "2021.05.30"]

1. e4 c6 2. d4 d5 3. e5 c5 4. dxc5 e6 5. a3 Bxc5 6. b4 Bb6 7. Nf3 Ne7 8. Bb2 a5
9. Bb5+ Bd7 10. Bd3 Ng6 11. O-O Nf4 12. c4 Nxd3 13. Qxd3 axb4 14. axb4 Rxa1 15.
Bxa1 dxc4 16. Qxc4 O-O 17. Nbd2 Bc6 18. Qg4 Bd5 19. Ne4 Bxe4 20. Qxe4 Nc6 21. b5
Ne7 22. h4 Qd5 23. Qg4 Qxb5 24. h5 h6 25. Bc3 Nf5 26. Nh4 Nxh4 27. Qxh4 Rc8 28.
Ba1 Qe2 29. Bd4 Bxd4 30. Qxd4 Qc4 31. Qd7 Qc6 32. Qd4 b5 33. Rb1 Qc4 34. Qd7 Rb8
35. Qd6 Ra8 36. Qd7 Ra2 37. Qxb5 Qf4 38. Qb8+ Kh7 39. Rf1 Re2 40. Qb1+ Qe4 41.
Qxe4+ Rxe4 42. f4 Re2 43. Kh2 g6 44. hxg6+ Kxg6 45. Kg3 h5 46. Kf3 Ra2 47. Rc1
Kf5 48. Re1 Ra3+ 49. Re3 Rxe3+ 50. Kxe3 Kg4 51. Ke4 h4 52. Ke3 Kg3 53. Ke4 Kxg2
54. f5 h3 55. fxe6 fxe6 56. Kf4 h2 57. Kg5 h1=Q 58. Kf6 Qh3 59. Ke7 Qf5 60. Kd6
Kf3 61. Ke7 Qxe5 62. Kd7 Qd5+ 63. Ke7 e5 64. Kf6 e4 65. Kg6 e3 66. Kh7 e2 67.
Kg7 e1=Q 68. Kh6 Qee6+ 69. Kg7 Qdd7+ 70. Kh8 Qee8# 0-1

[Event "Women's Speed Chess Q3"]
[Site "chess.com INT"]
[Date "2021.05.30"]
[Round "3"]
[White "Luong, Phuong Hanh"]
[Black "Havanecz, Bianka"]
[Result "1-0"]
[WhiteTitle "WIM"]
[BlackTitle "WIM"]
[WhiteElo "2229"]
[BlackElo "2257"]
[WhiteFideId "12401013"]
[BlackFideId "704814"]
[EventDate "2021.05.30"]

1. d4 d5 2. c4 e6 3. Nf3 Nf6 4. g3 Be7 5. Bg2 O-O 6. O-O dxc4 7. Qc2 a6 8. a4
Bd7 9. Qxc4 Bc6 10. Bf4 Nbd7 11. Qc1 Rc8 12. Nc3 Nb6 13. Re1 Nbd5 14. Ne5 Nxc3
15. Nxc6 Nxe2+ 16. Rxe2 bxc6 17. Be5 Nd5 18. Qxc6 a5 19. Bxd5 exd5 20. Rc1 Bb4
21. Bxc7 Qg5 22. Rec2 h6 23. Qd7 Rce8 24. Bf4 Qg6 25. Qxd5 Rd8 26. Qc4 Qe4 27.
Be5 Kh7 28. Re2 Qf5 29. Bf4 f6 30. Rd1 Rd5 31. Qc2 Qxc2 32. Rxc2 Rfd8 33. Be3
Kg6 34. Rc7 R8d7 35. Rxd7 Rxd7 36. Rc1 Kf5 37. Rc4 Ke4 38. Kf1 Kd3 39. Rc6 Re7
40. Kg2 h5 41. Kf3 Rf7 42. h3 g5 43. g4 hxg4+ 44. Kxg4 Ke4 45. Re6+ Kd5 46. Re8
Be7 47. Rc8 f5+ 48. Kf3 f4 49. Bd2 Kxd4 50. Bxa5 Kd5 51. Bc3 Bd6 52. Rd8 Kc6 53.
a5 Rh7 54. Kg2 Bc7 55. Rc8 Rd7 56. Be5 Kb7 57. Rxc7+ Rxc7 58. Bxc7 Kxc7 59. b4
Kb7 60. Kf3 Ka6 61. Kg4 1-0

[Event "Women's Speed Chess Q3"]
[Site "chess.com INT"]
[Date "2021.05.30"]
[Round "3"]
[White "Gevorgyan, Maria"]
[Black "Mohota, Nisha"]
[Result "1-0"]
[WhiteTitle "WGM"]
[BlackTitle "IM"]
[WhiteElo "2219"]
[BlackElo "2195"]
[WhiteFideId "13300270"]
[BlackFideId "5004330"]
[EventDate "2021.05.30"]

1. e4 Nf6 2. e5 Nd5 3. d4 d6 4. c4 Nb6 5. f4 g6 6. Nc3 Bg7 7. Nf3 O-O 8. Be2
dxe5 9. fxe5 Be6 10. b3 c5 11. d5 Bg4 12. Bf4 N8d7 13. O-O Bxf3 14. Rxf3 Nxe5
15. Rh3 Ned7 16. Qd2 Re8 17. Bh6 Bd4+ 18. Kh1 Nf6 19. Rf1 Qd6 20. Bg5 Bxc3 21.
Qxc3 Ne4 22. Qe3 Nxg5 23. Qxg5 Nd7 24. Qh6 Nf8 25. Rhf3 f5 26. Bd3 e6 27. dxe6
Rxe6 28. Rh3 Rd8 29. Qg5 Qe7 30. Qg3 Red6 31. Bxf5 Qg7 32. Bc2 Rd2 33. Bb1 Rd1
34. Qf4 Rxf1+ 35. Qxf1 Qf7 36. Rf3 Qe7 37. h3 Qg7 38. Kh2 Re8 39. Bd3 Qe5+ 40.
Kh1 Qe6 41. Rf6 Qe1 42. Rxf8+ Kg7 43. Qxe1 Rxe1+ 44. Rf1 Rxf1+ 45. Bxf1 Kf6 46.
Be2 Ke5 47. Bf3 Kd4 48. Bxb7 Kc3 49. Bc6 Kb2 50. Ba4 Kxa2 51. Kg1 Ka3 52. Kf2
Kb4 53. Kf3 Kc3 54. Kf4 a5 55. Kg5 Kd4 56. Kh6 Ke4 57. Kxh7 Kf4 58. Kxg6 Kg3 59.
h4 Kxg2 60. h5 Kg3 61. h6 Kf3 62. h7 Ke3 63. h8=Q Kd3 64. Qe5 Kc2 65. Qxc5 Kb1
66. Qxa5 Ka2 67. Bc6+ Kb1 68. Be4+ Kb2 69. b4 Kc1 70. c5 Kd2 71. c6 Ke3 72. Kf5
Kd4 73. c7 Ke3 74. c8=Q Kf2 75. Qc2+ Ke1 76. Qa1# 1-0

[Event "Women's Speed Chess Q3"]
[Site "chess.com INT"]
[Date "2021.05.30"]
[Round "3"]
[White "Putri, Regita Desyari"]
[Black "Pourkashiyan, Atousa"]
[Result "0-1"]
[WhiteTitle "WFM"]
[BlackTitle "WGM"]
[WhiteElo "1897"]
[BlackElo "2322"]
[WhiteFideId "7109083"]
[BlackFideId "12502014"]
[EventDate "2021.05.30"]

1. d4 Nf6 2. c4 e6 3. Nf3 d5 4. Nc3 Be7 5. Bf4 O-O 6. e3 c5 7. dxc5 Bxc5 8. Be2
Nc6 9. O-O Be7 10. a3 dxc4 11. Bxc4 Bd7 12. Qe2 Nh5 13. Bg3 Nxg3 14. hxg3 a6 15.
Rfd1 Qc7 16. Rac1 Rfd8 17. Ba2 Be8 18. Bb1 Rxd1+ 19. Qxd1 Rd8 20. Qc2 g6 21. Rd1
Bf6 22. Ne4 Bg7 23. b4 Rxd1+ 24. Qxd1 Ne5 25. Nxe5 Bxe5 26. f4 Bg7 27. Kf2 Qb6
28. Nc5 h6 29. Be4 Qc7 30. Nxb7 Bb2 31. Qd3 Bb5 32. Qd8+ Qxd8 33. Nxd8 Bxa3 34.
Nc6 Bxc6 35. Bxc6 Bxb4 36. Ba4 Bc5 37. Ke2 Kg7 38. Kd3 h5 39. e4 Bf2 40. g4 hxg4
41. Kc4 Be1 42. Kd3 Kf6 43. Ke3 Bb4 44. Kf2 g5 45. Kg3 gxf4+ 46. Kxf4 Bd2+ 47.
Kxg4 Ke5 48. Kf3 Kd4 49. Be8 f6 50. g4 a5 51. Ke2 Bg5 52. Kf3 e5 53. Ba4 Kc3 54.
Bc6 Kb4 55. Ke2 a4 56. Kd3 Kb3 57. Bd5+ Kb2 58. Bc4 a3 59. Be6 a2 60. Bxa2 Kxa2
61. Kc4 Kb2 62. Kd5 Kc2 63. Ke6 Kd3 64. Kf5 Ke3 65. Kg6 Kxe4 0-1

[Event "Women's Speed Chess Q3"]
[Site "chess.com INT"]
[Date "2021.05.30"]
[Round "3"]
[White "Agrest, Inna"]
[Black "Priyanka, K"]
[Result "1-0"]
[WhiteTitle "WIM"]
[BlackTitle "WIM"]
[WhiteElo "2285"]
[BlackElo "2218"]
[WhiteFideId "1708830"]
[BlackFideId "5082986"]
[EventDate "2021.05.30"]

1. e4 c5 2. d4 cxd4 3. c3 dxc3 4. Nxc3 Nc6 5. Nf3 e6 6. Bc4 a6 7. O-O Nge7 8.
Re1 Ng6 9. h3 Be7 10. e5 O-O 11. Qe2 b5 12. Bb3 Bb7 13. a3 Qc7 14. Bd2 Rad8 15.
Rac1 d5 16. exd6 Qxd6 17. Ne4 Qb8 18. Bg5 Bxg5 19. Nexg5 Rfe8 20. Red1 h6 21.
Ne4 Nce5 22. Nxe5 Qxe5 23. Ng3 Qxe2 24. Nxe2 Kf8 25. Rc7 Rxd1+ 26. Bxd1 Re7 27.
Rc1 Rd7 28. Bc2 Ne5 29. Nf4 Ke7 30. Re1 Nc4 31. Bb3 g5 32. Nh5 Nxb2 33. Ng3 Nc4
34. Nf5+ Kf6 35. Nxh6 Kg6 36. Ng4 Nxa3 37. Ne5+ Kf6 38. Nxd7+ Ke7 39. Nc5 Bc8
40. Ra1 Nc4 41. Bxc4 bxc4 42. Nxa6 c3 43. Nb4 Bb7 44. Rc1 Kd6 45. Rxc3 f5 46. f3
g4 47. hxg4 fxg4 48. fxg4 Ke5 49. Kf2 Kd4 50. Rc7 Be4 51. Nc6+ Kc5 52. Nd8+ Kd6
53. Ra7 Bd5 54. Nb7+ Ke5 55. Nc5 Kf4 56. Ra6 Kxg4 57. Nxe6 Kf5 58. Nd4+ Ke4 59.
Nf3 Kf4 60. Ra4+ Kf5 61. Ra5 Ke4 62. Rxd5 Kxd5 63. Kg3 Ke4 64. Kg4 Kd5 65. Kf5
Kd6 66. Kf6 Kd7 67. Kf7 Kd6 68. g4 Kd5 69. g5 Ke4 70. g6 Kxf3 71. g7 Kf4 72.
g8=Q 1-0

[Event "Women's Speed Chess Q3"]
[Site "chess.com INT"]
[Date "2021.05.30"]
[Round "3"]
[White "Nguyen, Hong Anh"]
[Black "Nguyen, Thi Mai Hung"]
[Result "0-1"]
[WhiteTitle "WIM"]
[BlackTitle "WGM"]
[WhiteElo "1993"]
[BlackElo "2254"]
[WhiteFideId "12406732"]
[BlackFideId "12401676"]
[EventDate "2021.05.30"]

1. d4 d5 2. c4 c6 3. Nf3 Nf6 4. Qc2 e6 5. Bf4 Bd6 6. Bxd6 Qxd6 7. g3 O-O 8. Bg2
dxc4 9. Qxc4 b5 10. Qc2 Bb7 11. O-O Nbd7 12. Nc3 Rac8 13. Rfd1 a6 14. e4 Qe7 15.
a3 c5 16. d5 b4 17. d6 Qd8 18. e5 bxc3 19. exf6 Qxf6 20. Qxc3 Qxc3 21. bxc3 Rfd8
22. Rab1 Bd5 23. Ng5 Nf6 24. Rb6 h6 25. Bxd5 Nxd5 26. Rxd5 exd5 27. Nf3 Rb8 28.
Rxa6 Rb3 29. Ne5 Rb7 30. Rc6 f6 31. Nd3 c4 32. Nf4 Rbd7 33. Nxd5 Rxd6 34. Ne7+
Kf7 35. Rc7 R8d7 36. Nf5 Rxc7 37. Nxd6+ Ke6 38. Nb5 Rb7 39. Nd4+ Kd5 40. a4 Ra7
41. Nf5 Rxa4 42. Nxg7 Ra3 43. Ne8 Ke6 44. Nc7+ Kd7 45. Nd5 Ke6 46. Nc7+ Kd7 47.
Nd5 f5 48. Kg2 Kc6 49. Ne7+ Kc5 50. Nxf5 Rxc3 51. Nxh6 Rd3 52. Ng4 c3 53. Ne5
Rd4 54. Nf3 c2 55. Nxd4 Kxd4 56. h4 c1=Q 57. g4 Qh6 58. h5 Ke4 59. Kg3 Qg5 60.
f3+ Ke5 61. Kh3 Kf4 62. Kg2 Qh4 63. Kg1 Kxf3 64. h6 Qxg4+ 65. Kh2 Qh5+ 66. Kg1
Qxh6 67. Kf1 Qh1# 0-1

[Event "Women's Speed Chess Q3"]
[Site "chess.com INT"]
[Date "2021.05.30"]
[Round "3"]
[White "Nguyen, Thi Thanh An"]
[Black "Pandey, Srishti"]
[Result "1-0"]
[WhiteTitle "WGM"]
[BlackTitle "WFM"]
[WhiteElo "2259"]
[BlackElo "2026"]
[WhiteFideId "12400300"]
[BlackFideId "35093290"]
[EventDate "2021.05.30"]

1. d4 Nf6 2. Bf4 c5 3. e3 cxd4 4. exd4 d5 5. c3 e6 6. Nd2 Bd6 7. Bg5 h6 8. Bh4
Nbd7 9. Bd3 O-O 10. Ngf3 Qc7 11. O-O a6 12. Qe2 b5 13. a3 Bb7 14. Rae1 Rfe8 15.
Ne5 Bxe5 16. dxe5 Ne4 17. Nxe4 dxe4 18. Bxe4 Bxe4 19. Qxe4 Nc5 20. Qe3 Na4 21.
Re2 Qc4 22. Bg3 Red8 23. Rfe1 Rd3 24. Qf4 Rad8 25. h3 Nc5 26. Qh4 Qxh4 27. Bxh4
Rd2 28. Bxd8 Rxd8 29. Kf1 Na4 30. Rc2 Rd5 31. f4 Rc5 32. Ke2 a5 33. Rd1 b4 34.
axb4 axb4 35. Rd3 b3 36. Rcd2 Nb6 37. Rd8+ Kh7 38. R8d4 Ra5 39. Rb4 Nd5 40. Rxb3
Nxf4+ 41. Kf3 Ng6 42. Rb7 Nxe5+ 43. Kf2 Kg6 44. Re2 Nd3+ 45. Ke3 Nc5 46. Re7 Kf6
47. Rc7 Rb5 48. Rf2+ Kg6 49. Rcxf7 Rxb2 50. Kd4 Nb3+ 51. Kc4 Rxf2 52. Rxf2 Na5+
53. Kb5 Nb7 54. c4 Nd8 55. Kc5 e5 56. Kd6 e4 57. Re2 Kf5 58. c5 Nf7+ 59. Kd5 Ne5
60. c6 Nxc6 61. Kxc6 Kf4 62. Kd5 g5 63. Kd4 h5 64. Rxe4+ Kf5 65. g4+ hxg4 66.
hxg4+ Kf6 67. Kd5 Kg6 68. Re5 Kf6 69. Rf5+ Kg6 70. Ke5 Kh6 71. Ke6 Kg6 72. Ke7
Kh6 73. Kf6 Kh7 74. Rxg5 Kh8 75. Kf7 Kh7 76. Rh5# 1-0

[Event "Women's Speed Chess Q3"]
[Site "chess.com INT"]
[Date "2021.05.30"]
[Round "3"]
[White "Doluhanova, Evgeniya"]
[Black "Vantika, Agrawal"]
[Result "0-1"]
[WhiteTitle "WGM"]
[BlackTitle "WIM"]
[WhiteElo "2207"]
[BlackElo "2286"]
[WhiteFideId "14112035"]
[BlackFideId "25050389"]
[EventDate "2021.05.30"]

1. e4 c5 2. Nf3 d6 3. d4 cxd4 4. Nxd4 Nf6 5. Nc3 a6 6. Be2 e5 7. Nb3 Be7 8. Be3
Be6 9. Qd3 O-O 10. Nd5 Bxd5 11. exd5 Nbd7 12. O-O a5 13. a4 Ne8 14. c4 f5 15. f4
b6 16. Rac1 g6 17. Nd2 Nef6 18. b3 Nc5 19. Bxc5 bxc5 20. fxe5 dxe5 21. Qe3 Bd6
22. Nf3 Ng4 23. Qg5 Be7 24. Qd2 e4 25. d6 Qxd6 26. Qxd6 Bxd6 27. Ng5 Bxh2+ 28.
Kh1 Bg3 29. Bxg4 fxg4 30. Nxe4 Bf4 31. Rcd1 Be3 32. g3 Rxf1+ 33. Rxf1 Rd8 34.
Nf6+ Kg7 35. Nxg4 Bd4 36. Kg2 h5 37. Nh2 Re8 38. Nf3 Re2+ 39. Kh3 Re3 40. Nxd4
cxd4 41. Rd1 d3 42. c5 Re5 43. Rxd3 Rxc5 44. g4 Kh6 45. gxh5 Kxh5 46. Re3 g5 47.
Rd3 g4+ 48. Kg3 Kg5 49. Re3 Kf5 50. Rd3 Ke4 51. Rd1 Rc3+ 52. Kxg4 Rxb3 53. Ra1
Rb4 54. Kg3 Ke3 55. Ra3+ Kd2 56. Kf3 Kc2 57. Ke3 Kb2 58. Rd3 Rxa4 59. Rd2+ Kc3
60. Rd3+ Kc2 61. Rd2+ Kc1 62. Rd3 Rb4 63. Ke2 a4 64. Ra3 Kb2 65. Rd3 a3 66. Rd2+
Kc3 67. Rd3+ Kb2 68. Rd2+ Kb3 69. Rd3+ Ka4 70. Kd1 a2 71. Kc2 a1=Q 72. Ra3+ Qxa3 0-1

[Event "Women's Speed Chess Q3"]
[Site "chess.com INT"]
[Date "2021.05.30"]
[Round "3"]
[White "Golubeva, Oksana"]
[Black "Voit, Daria"]
[Result "1-0"]
[WhiteTitle "WFM"]
[BlackTitle "WGM"]
[WhiteElo "2179"]
[BlackElo "2360"]
[WhiteFideId "4170164"]
[BlackFideId "4182146"]
[EventDate "2021.05.30"]

1. Nf3 Nf6 2. e3 g6 3. b3 Bg7 4. Bb2 b6 5. g3 Bb7 6. Bg2 O-O 7. d3 d5 8. O-O c5
9. Ne5 Nbd7 10. Nxd7 Qxd7 11. Be5 Qe6 12. Bb2 Qd6 13. f4 Qd7 14. Be5 Rac8 15.
Qe2 Rfd8 16. h3 b5 17. a4 b4 18. Nd2 Ne8 19. Bxg7 Nxg7 20. g4 f5 21. Rf2 e6 22.
Nf3 Ne8 23. Ne5 Qe7 24. gxf5 exf5 25. Bf3 Nd6 26. Rg2 Nf7 27. Nxf7 Kxf7 28. h4
Re8 29. Re1 Rg8 30. Qf2 Qf6 31. Qg3 Rce8 32. Qg5 Qxg5 33. hxg5 Kg7 34. Rh2 Rh8
35. Kf2 h6 36. gxh6+ Rxh6 37. Rxh6 Kxh6 38. Rg1 Re6 39. Rg3 a5 40. Bg2 Bc6 41.
Bf3 Kg7 42. Bg2 c4 43. Bf1 cxb3 44. cxb3 Bb7 45. Bg2 Rc6 46. Bf3 Rc2+ 47. Ke1
Bc6 48. Bh5 Be8 49. Bf3 Bf7 50. Bd1 Rb2 51. Rf3 d4 52. Rf2 Rxf2 53. Kxf2 dxe3+
54. Kxe3 Kf6 55. Kd4 g5 56. fxg5+ Kxg5 57. Ke5 f4 58. d4 f3 59. Bxf3 Bxb3 60.
Bc6 Bc2 61. d5 b3 62. d6 b2 63. d7 b1=Q 64. d8=Q+ Kg4 65. Qg8+ Bg6 66. Bd7+ Kg5
67. Qd8+ Kh5 68. Qh8+ Bh7 69. Qe8+ Bg6 70. Qh8+ Bh7 71. Be8+ Kg5 72. Qg7+ Kh4
73. Qh6+ Kg3 74. Qg5+ Kf2 75. Qf4+ Kg1 76. Qg3+ Kf1 77. Bb5+ Bd3 78. Bxd3+ 1-0

[Event "Women's Speed Chess Q3"]
[Site "chess.com INT"]
[Date "2021.05.30"]
[Round "3"]
[White "Dwilewicz, Katarzyna"]
[Black "Dordzhieva, Dinara"]
[Result "1-0"]
[WhiteTitle "WFM"]
[BlackTitle "WGM"]
[WhiteElo "2092"]
[BlackElo "2334"]
[WhiteFideId "1148486"]
[BlackFideId "24157570"]
[EventDate "2021.05.30"]

1. e4 c5 2. Nf3 d6 3. d4 cxd4 4. Nxd4 Nf6 5. Nc3 a6 6. a4 e6 7. Be2 Nc6 8. O-O
Be7 9. Be3 O-O 10. f4 Qc7 11. Kh1 Nxd4 12. Bxd4 e5 13. Be3 exf4 14. Bxf4 Be6 15.
Qe1 Nd7 16. Qg3 Ne5 17. Rad1 Rfe8 18. Bd3 Bf8 19. Nd5 Bxd5 20. exd5 g6 21. c3
Bg7 22. Bb1 f5 23. Rfe1 Rad8 24. h3 Qc4 25. Bc2 Qc5 26. b3 a5 27. c4 Qc7 28. Re2
Qf7 29. Rde1 h6 30. Bd2 g5 31. Bxa5 Rd7 32. Bc3 Rde7 33. Rf1 f4 34. Qe1 Nf3 35.
Rxe7 Rxe7 36. Qf2 Ne5 37. a5 Qf6 38. Ra1 Rf7 39. b4 g4 40. b5 gxh3 41. gxh3 Qg5
42. a6 bxa6 43. bxa6 Qh5 44. Qf1 Nxc4 45. a7 Rxa7 46. Rxa7 Ne3 47. Ra8+ Bf8 48.
Bh7+ Kxh7 49. Ra7+ Kg8 50. Qg1+ Qg5 51. Kh2 f3 52. Qxg5+ hxg5 53. Be1 Nxd5 54.
Kg3 Nf4 55. Kxf3 Nxh3 56. Ra8 Nf4 57. Kg4 Kf7 58. Kxg5 Ne6+ 59. Kg4 Bg7 60. Kf3
Kg6 61. Ra7 Kf5 62. Bd2 d5 63. Ra5 Nc7 64. Ra7 Ne6 65. Rf7+ Kg6 66. Rd7 d4 67.
Rd6 Kf5 68. Ba5 Be5 69. Rd5 Nf4 70. Rb5 Ke6 71. Bd2 Nd5 72. Ke4 Nf6+ 73. Kf3 Kf5
74. Ke2 1-0

[Event "Women's Speed Chess Q3"]
[Site "chess.com INT"]
[Date "2021.05.30"]
[Round "3"]
[White "Sliwicka, Alicja"]
[Black "Zaichenko, Daria"]
[Result "1/2-1/2"]
[WhiteTitle "WIM"]
[BlackTitle "WFM"]
[WhiteElo "2346"]
[BlackElo "2104"]
[WhiteFideId "1150677"]
[BlackFideId "4197453"]
[EventDate "2021.05.30"]

1. e4 c5 2. Nf3 Nc6 3. d4 cxd4 4. Nxd4 Nf6 5. Nc3 d6 6. Bg5 e6 7. Bb5 Bd7 8.
Bxc6 bxc6 9. Qf3 Be7 10. O-O-O e5 11. Nf5 Bxf5 12. Qxf5 Qd7 13. Qxd7+ Nxd7 14.
Bxe7 Kxe7 15. Rd2 Nc5 16. Rhd1 Rad8 17. f3 f6 18. b3 Ne6 19. Ne2 Rd7 20. g3 Rhd8
21. f4 d5 22. exd5 cxd5 23. f5 Ng5 24. Nc3 d4 25. Na4 e4 26. Re1 e3 27. Rd3 Nf3
28. Re2 Kf7 29. Kb2 Rd5 30. g4 Ne5 31. Rd1 Nxg4 32. Kc1 Nf2 33. Rde1 Rxf5 34.
Nb2 Rh5 35. Nd3 Rxh2 36. Nxf2 exf2 37. Rf1 d3 38. cxd3 Rxd3 39. Kc2 Rf3 40. a4
Rhh3 41. a5 Rxb3 42. Rfxf2 Ra3 43. Kb2 Rhb3+ 44. Kc2 Rb5 45. Rd2 Ra2+ 46. Kd1
Rxd2+ 47. Rxd2 Rxa5 48. Rd7+ Kg6 49. Rd4 h5 50. Ke2 f5 51. Kf3 Ra3+ 52. Kf4 Ra6
53. Rb4 Rb6 54. Ra4 a6 55. Rc4 Kf6 56. Ra4 g5+ 57. Kf3 f4 58. Ke4 Kg6 59. Ra5
Re6+ 60. Kf3 Re3+ 61. Kf2 g4 62. Rxa6+ Kg5 63. Ra5+ Kh4 64. Ra4 Rf3+ 65. Kg2 Kg5
66. Ra5+ Kg6 67. Ra4 h4 68. Ra6+ Kf5 69. Ra5+ Ke4 70. Ra4+ Ke5 71. Ra5+ Kd6 72.
Ra6+ Kc5 73. Ra5+ Kb6 74. Rg5 h3+ 75. Kh2 Rf2+ 76. Kg1 Rg2+ 77. Kh1 g3 78. Rb5+
Kc6 79. Rc5+ Kd6 80. Rd5+ Ke6 81. Re5+ Kd7 82. Rd5+ Kc8 83. Rc5+ Kd7 84. Rd5+
Ke6 85. Re5+ Kf6 86. Rf5+ Kg6 87. Rg5+ Kh6 88. Rh5+ Kg7 89. Rg5+ Kf7 90. Rf5+
Ke7 91. Re5+ Kd6 92. Rd5+ Ke6 1/2-1/2

[Event "Women's Speed Chess Q3"]
[Site "chess.com INT"]
[Date "2021.05.30"]
[Round "3"]
[White "Franco Valencia, Angela"]
[Black "Rakshitta, Ravi"]
[Result "1-0"]
[WhiteTitle "WIM"]
[BlackTitle "WIM"]
[WhiteElo "2089"]
[BlackElo "2190"]
[WhiteFideId "4403070"]
[BlackFideId "25073230"]
[EventDate "2021.05.30"]

1. e4 e5 2. Nf3 Nc6 3. Bc4 Bc5 4. c3 Nf6 5. d3 O-O 6. b4 Be7 7. a4 d5 8. exd5
Nxd5 9. O-O Bg4 10. h3 Bh5 11. Nbd2 Nb6 12. Bb5 a6 13. Bxc6 bxc6 14. Qe2 Bg6 15.
Ne4 f5 16. Ng3 Bf6 17. Bb2 Re8 18. Rfd1 Qe7 19. a5 Nd5 20. Rac1 e4 21. dxe4 fxe4
22. Nd4 Nf4 23. Qg4 Nd3 24. Rc2 Nxb2 25. Rxb2 e3 26. f4 Bxd4 27. Rxd4 Rad8 28.
Rxd8 Rxd8 29. Re2 Bd3 30. Re1 Bc4 31. Qf3 Rd3 32. Qxc6 Bd5 33. Qxa6 Bf7 34. Qxd3
Qf6 35. Qxe3 h6 36. Qd4 Qg6 37. Qe4 Qxg3 38. Qa8+ Kh7 39. Qe4+ Bg6 40. Qe3 Qh4
41. a6 Qf6 42. a7 Qa6 43. Rf1 Qa2 44. f5 Bf7 45. f6 Bd5 46. Qd3+ Kg8 47. Qg3 g5
48. f7+ Bxf7 49. Qxc7 Bd5 50. Qg3 Qxa7+ 51. Qf2 Qe7 52. Qd4 Bf7 53. b5 Qe2 54.
Qf2 Qxb5 55. Qxf7+ Kh8 56. Qf8+ Kh7 57. Rf7+ Kg6 58. Qg7+ Kh5 59. g4+ Kh4 60.
Qd4 Qb1+ 61. Rf1 Qb7 62. Qf2+ Kxh3 63. Qf3+ Qxf3 64. Rxf3+ Kxg4 65. Rf2 h5 66.
c4 h4 67. c5 Kg3 68. c6 h3 69. c7 g4 70. c8=Q Kh4 71. Qh8+ Kg3 72. Qe5+ Kh4 73.
Rf8 h2+ 74. Kxh2 g3+ 75. Kg2 Kg4 76. Rf4# 1-0

[Event "Women's Speed Chess Q3"]
[Site "chess.com INT"]
[Date "2021.05.30"]
[Round "4"]
[White "Priyanka, K"]
[Black "Ribeiro, Regina"]
[Result "1-0"]
[WhiteTitle "WIM"]
[BlackTitle "WIM"]
[WhiteElo "2218"]
[BlackElo "1920"]
[WhiteFideId "5082986"]
[BlackFideId "2100681"]
[EventDate "2021.05.30"]

1. e4 c6 2. Nc3 d5 3. Nf3 dxe4 4. Nxe4 Nf6 5. Qe2 Nxe4 6. Qxe4 Nd7 7. Bc4 Nf6 8.
Qe2 Bg4 9. Bxf7+ Kxf7 10. Ne5+ Kg8 11. Nxg4 Nxg4 12. Qe6# 1-0

[Event "Women's Speed Chess Q3"]
[Site "chess.com INT"]
[Date "2021.05.30"]
[Round "4"]
[White "Von Herman, Brigitte"]
[Black "Nandhidhaa, P V"]
[Result "0-1"]
[WhiteTitle "WFM"]
[BlackTitle "WGM"]
[WhiteElo "1991"]
[BlackElo "2365"]
[WhiteFideId "4628730"]
[BlackFideId "5050847"]
[EventDate "2021.05.30"]

1. e4 c5 2. c3 Nf6 3. e5 Nd5 4. d4 cxd4 5. Nf3 e6 6. cxd4 Nc6 7. Bc4 d6 8. Qe2
Be7 9. O-O O-O 10. Bd2 b6 11. Nc3 Nxc3 12. Bxc3 Bb7 13. Rad1 Rc8 14. Bb3 d5 15.
Qd3 Nb4 16. Qe2 Ba6 17. Rfe1 Bxe2 18. Rxe2 Nc6 19. Rde1 Bb4 20. Re3 Bxc3 21.
Rxc3 Na5 0-1